Drive (2011 movie) quiz - Statistics

General Stats
  • This quiz has been taken 82 times
  • The average score is 4 of 13
Answer Stats
Hint Answer % Correct
Who plays Driver? Ryan Gosling
96%
So what do you do? I drive
79%
What insect is on the back of Driver's jacket? Scorpion
73%
What is the name of Irene's husband? Standard
55%
What drink does Cook instruct Standard to get for Blanche? coke
42%
You mean all the car chases and stuff? Yeah
35%
Complete this quote: Do you know the story of the scorpion and the frog? Your friend Nino didn't make it across the river
17%
What does Blanche do that angers Cook? rolls her eyes
14%
What did Bernie do in the 80s? Produce movies
11%
Where does Shannon tell Bernie Driver has fled? Belize
10%
Like a limo driver? No, like, for movies
10%
Isn't that dangerous? It's only part time. Mostly I work at a garage
4%
Where? Reseda Boulevard
3%
No matching quizzes found
Score Distribution
Percent of People with Each Score
Percentile by Number Answered
Your Score History
You have not taken this quiz